Quizzes
Events
Quiz Creation
Community
Videos
Private Events
Remove Ads
Sign In
Join for FREE
Feedback
Dark Mode
Quiz Categories
Sports
Geography
Music
Movies
Television
Just For Fun
Miscellaneous
History
Literature
Language
Science
Gaming
Entertainment
Religion
Holiday
For Kids
Quiz Lab
Recent
Popular Today
Quiz Kudos Today
Editor Picks
Curator Picks
Quizzes by...
Day
Popularity
Type
Ratings
Length
Year
Community
Subscriptions
Recent Discussions
Orange Saloon
Badges
Playlists
Quests
Create
Leaderboards
Showdown
Live 5
Trivia Bingo
Activity
Puzzle Library
Sporcle Events
Private Events
Virtual Trivia
Globe League
Become a Host
Pub Owners
SporcleCon
Opinionation
Our Games
Videos
Blog
Mobile Apps
Partnerships
Remove Ads and Go Orange
Feedback
Television
TV Characters
TV Show
Sitcom
Network
Friends
Reality Shows
Cast
South Park
Star Trek
The Simpsons
Doctor Who
Television
TV Characters
TV Show
Sitcom
Network
Friends
Reality Shows
Cast
South Park
Star Trek
The Simpsons
Doctor Who
Random Quiz
Search Sporcle
×
Quiz Lab
Quiz Lab
Television
Animation
Type in answers that appear in a list
Type in answers that appear in a list
Classic
Best Score? Go Orange.
Top Cat Episodes Stats
Name the episodes from Top Cat.
By
timoncjm
9m
30 Questions
23 Plays
23 Plays
23 Plays
Comments
Comments
Give Quiz Kudos
Give Quiz Kudos
-
- Ratings
hide this ad
Replay
Link that replays current quiz
Next Quiz
Link to next quiz in quiz playlist
You Got
0%
They Got
Avg Score
61%
Avg Friend Score
Upgrade to see
Score Distribution
Jump to the score distribution portion of the page
Score
0/30
Timer
09:00
0
Plays Today
Original Airdate
Episode
% Correct
September 27, 1961
Hawaii, Here We Come
91.3%
October 11, 1961
All That Jazz
87%
October 25, 1961
The Violin Player
73.9%
November 8, 1961
Top Cat Falls in Love
73.9%
November 22, 1961
Naked Town
73.9%
November 1, 1961
The Missing Heir
69.6%
November 15, 1961
A Visit from Mother
69.6%
October 18, 1961
The $1,000,000 Derby
65.2%
November 29, 1961
Sergeant Top Cat
65.2%
December 6, 1961
Choo-Choo's Romance
65.2%
December 13, 1961
The Unscratchables
65.2%
October 4, 1961
The Maharajah of Pookajee
60.9%
December 20, 1961
Rafeefleas
60.9%
December 27, 1961
The Tycoon
60.9%
January 3, 1962
The Long Hot Winter
60.9%
Original Airdate
Episode
% Correct
January 10, 1962
The Case of the Absent Anteater
60.9%
January 17, 1962
T.C. Minds the Baby
56.5%
January 24, 1962
Farewell, Mr. Dibble
56.5%
January 31, 1962
The Grand Tour
52.2%
February 7, 1962
The Golden Fleecing
52.2%
February 14, 1962
Space Monkey
52.2%
February 21, 1962
The Late T.C.
52.2%
February 28, 1962
Dibble's Birthday
52.2%
March 7, 1962
Choo-Choo Goes Ga-Ga
52.2%
March 14, 1962
King for a Day
52.2%
March 21, 1962
The Con Men
52.2%
March 28, 1962
Dibble Breaks the Record
52.2%
April 4, 1962
Dibble Sings Again
52.2%
April 11, 1962
Griswald
52.2%
April 18, 1962
Dibble's Double
52.2%
Quiz Playlist
Details
Report
Send in Message
Add To Playlist
Classic:
Type in answers that appear in a list
Last Updated: Feb 16, 2017
Quiz Scoreboard
CHALLENGE
Sign Up to Join the Scoreboard
Show All
Scores
Hide
Comments
May contain spoilers
Recently Published
College Basketball Coaching Resumes
by pancakes188
Sports
9m
Billboard Blitz: Fleetwood Mac
by CooCooCachoo
Music
15s
Presidents Visiting Landmarks
by Hejman
History
7m
More to Explore
Quiz From the Vault
Featured Blog Post
Where Did the Easter Bunny Come From?
hide this ad
You Might Also Like...
Tags
Animation Quiz
Cartoons Quiz
ABC
Animated Series
Cartoon Network
Childrens TV
episode
NBC
prime-time
Senbatsu
Today's Top Quizzes in Television
Browse Television
hide this ad
Today's Top Quizzes in Animation
Browse Animation
Top Contributed Quizzes in Television
1
5-to-1: The Simpsons Families
2
5-to-1: Television Doctors
3
7-to-1: TV Show Settings
4
5-to-1: Streaming Originals
5
Adjectives in 00s TV Shows
6
One Piece Logic Puzzle
7
Survivor Seasons
8
Adjectives in 80s TV Shows
9
All US Survivor Seasons in Order
10
Adjectives in 10s TV Shows
Explore More
Trending Topics
Marvel
NBA
Harry Potter
Crossword
Anime
Disney
Kpop
Country
Song
Soccer
NFL
Pokémon
The Office
WWE
Puzzle
hide this ad
More By:
timoncjm
Quiz
Plays
Rating
Category
Featured
Created
Pirates of the Caribbean Film Series
38,352
4.51
Movies
Aug 3, 2016
Missing Word: Winnie the Pooh Songs
1,804
4.32
Just For Fun
Aug 2, 2018
How to Train Your Dragon Film Series
1,573
3.57
Movies
Aug 15, 2016
Cars Film Series
1,189
3.68
Movies
Sep 6, 2016
Toy Story Film Series
1,049
3.26
Movies
Jul 14, 2016
Go to Creator's Profile
Score Distribution
Quiz Creator Spotlight
timoncjm
Follow
Send a Message
Quizzes Created
-
Created Quiz Play Count
-
More By This Creator
Popular Quizzes Today
1
Find the US States - No Outlines Minefield
2
Find the Countries of Europe - No Outlines Minefield
3
The Countries of the World
4
Find the US States
5
Risky Map Clicking: Biggest States A-Z
6
US States
7
Popular People in 1961
8
Movies - When Are They Set?
More Television Quizzes
Avatar: The Last Airbender Beifong Family Tree
Quiz Lab
Trending Quizzes
Risky Map Clicking: Least Populous States A-Z
1-10 Letter G Words
1-10 Letter F Words
Risky Map Clicking: Next State Alphabetically
Adjectives in 80s TV Shows
Recently Updated
Leaping Animals
pecheneg
Reality TV Shows (A-Z)
bhenderson79
Rickey Henderson's Hall of Fame Teammates
pecheneg
Champions League XIs: Arsenal
pecheneg
Quick Pick: Celebrities in WWE's Hall of Fame
aduchscher
A-Z Keypad Blitz II
pecheneg
Multiple Oscar Actors
pecheneg
Mystery Phrase Blitz: Oscar 'Best Actors'
pecheneg
F. Scott Fitzgerald Novels
LTH
Pick 3 Villains
ddd62291
Trending Topics
Kpop
Marvel
Disney
Anime
Harry Potter
NBA
Crossword
Puzzle
Soccer
The Office
WWE
NFL
Song
Country
Pokémon
Your Account Isn't Verified!
In order to create a playlist on Sporcle, you need to verify the email address you used during registration. Go to your
Sporcle Settings
to finish the process.
Report this User
Report this user for behavior that violates our
Community Guidelines
.
Details:
Send Report
Go to the Sporcle.com Mobile Site →
Comments